00733nab a2200169 4500001000700000003000400007005001700011007000300028008001900031040002100050245033600071264000900407653002100416653001600437653002000453773009000473244442OSt20230731132329.0tu200917s2020||||||| aDE-2950cDE-295000aAhnenforschung jetzt auch online möglich.credbGenealogie. Das Stadtarchiv hat dank einer Förderung des Landes die Personenstandsregister des Standesamtes bis zum Jahr 1909 und die Heiratsregister bis zum Jahr 1929 digitalisiert und veröffentlicht. Damit können Interessierte zu ihren Frankfurter Vorfahren recherchieren/  c2023 aFrankfurt (Oder) aStadtarchiv aAhnenforschung/0 g34. Jahrgang (2023) Nr. 175 vom 29.07.2023, S. 18, mit Foto tMärkische Oderzeitung